|
|
|
|
| LEADER |
02469nam a2200349 a 4500 |
| 001 |
GR-Antirio1066 |
| 008 |
141105s2005 r g b 001 0 eng d |
| 020 |
|
|
|a 0521838479
|
| 040 |
|
|
|a GrPaTEI
|b gre
|c GR-PaULI
|
| 040 |
|
|
|a GrPaTEI
|b gre
|c GR-PaULI
|
| 044 |
|
|
|a uk
|
| 082 |
|
0 |
|a 004.68
|2 22
|
| 100 |
1 |
|
|a Krishnamachari, Bhaskar
|
| 245 |
1 |
0 |
|a Networking wireless sensors /
|c Bhaskar Krishnamachari.
|
| 260 |
|
|
|a Cambridge
|a New York :
|b Cambridge University Press,
|c 2005
|
| 300 |
|
|
|a xii, 202 σ. :
|b εικ.
|
| 504 |
|
|
|a Περιλαμβάνει βιβλιογραφίες και ευρετήριο.
|
| 650 |
|
0 |
|a Data processing
|
| 650 |
|
0 |
|a Sensor networks
|
| 650 |
1 |
0 |
|a Wireless LANs
|
| 710 |
0 |
|
|a Cambridge Univertity Press
|
| 942 |
|
|
|2 ddc
|
| 952 |
|
|
|0 0
|1 0
|2 ddc
|4 0
|6 004_680000000000000_KRI
|7 0
|9 262877
|a LISK-2
|b LISK-2
|c BSC
|d 2021-01-17
|e 24
|f 2
|g 0.00
|l 0
|o 004.68 KRI
|p 2430000008617
|r 2021-01-17 00:00:00
|t 1
|w 2021-01-17
|y BK15
|x 20141105 0 ΧΑΣΑΝΗ 1
|x GrPaTEI - Antirrio
|
| 952 |
|
|
|0 0
|1 0
|2 ddc
|4 0
|6 004_680000000000000_KRI
|7 0
|9 262878
|a LISK-2
|b LISK-2
|c BSC
|d 2021-01-17
|e 24
|f 0
|g 0.00
|l 0
|o 004.68 KRI
|p 99243000008610
|r 2021-01-17 00:00:00
|t 1
|w 2021-01-17
|y BK15
|x GrPaTEI - Antirrio
|
| 952 |
|
|
|0 0
|1 0
|2 ddc
|4 0
|6 004_680000000000000_KRI
|7 0
|9 262879
|a LISK-2
|b LISK-2
|c BSC
|d 2021-01-17
|e 24
|f 0
|g 0.00
|l 0
|o 004.68 KRI
|p 99243000008611
|r 2021-01-17 00:00:00
|t 1
|w 2021-01-17
|y BK15
|x GrPaTEI - Antirrio
|
| 952 |
|
|
|0 0
|1 0
|2 ddc
|4 0
|6 004_680000000000000_KRI
|7 0
|9 262880
|a LISK-2
|b LISK-2
|c BSC
|d 2021-01-17
|e 24
|f 0
|g 0.00
|l 0
|o 004.68 KRI
|p 99243000008612
|r 2021-01-17 00:00:00
|t 1
|w 2021-01-17
|y BK15
|x GrPaTEI - Antirrio
|
| 952 |
|
|
|0 0
|1 0
|2 ddc
|4 0
|6 004_680000000000000_KRI
|7 0
|9 262881
|a LISK-2
|b LISK-2
|c BSC
|d 2021-01-17
|e 24
|f 0
|g 0.00
|l 0
|o 004.68 KRI
|p 99243000008613
|r 2021-01-17 00:00:00
|t 1
|w 2021-01-17
|y BK15
|x GrPaTEI - Antirrio
|
| 952 |
|
|
|0 0
|1 0
|2 ddc
|4 0
|6 004_680000000000000_KRI
|7 0
|9 262882
|a LISK-2
|b LISK-2
|c BSC
|d 2021-01-17
|e 24
|f 0
|g 0.00
|l 0
|o 004.68 KRI
|p 99243000008614
|r 2021-01-17 00:00:00
|t 1
|w 2021-01-17
|y BK15
|x GrPaTEI - Antirrio
|
| 952 |
|
|
|0 0
|1 0
|2 ddc
|4 0
|6 004_680000000000000_KRI
|7 0
|9 262883
|a LISK-2
|b LISK-2
|c BSC
|d 2021-01-17
|e 24
|f 0
|g 0.00
|l 0
|o 004.68 KRI
|p 99243000008615
|r 2021-01-17 00:00:00
|t 1
|w 2021-01-17
|y BK15
|x GrPaTEI - Antirrio
|
| 952 |
|
|
|0 0
|1 0
|2 ddc
|4 0
|6 004_680000000000000_KRI
|7 0
|9 262884
|a LISK-2
|b LISK-2
|c BSC
|d 2021-01-17
|e 24
|f 0
|g 0.00
|l 0
|o 004.68 KRI
|p 99243000008616
|r 2021-01-17 00:00:00
|t 1
|w 2021-01-17
|y BK15
|x GrPaTEI - Antirrio
|
| 971 |
|
|
|a .b2570865x
|b 15-04-20
|c 12-09-16
|
| 999 |
|
|
|c 151418
|d 151418
|